00210nam a2200085Ia 4500008004100000100001400041245003000055260001900085650002000104190216s9999||||xx |||||||||||||| ||und|| aKatumadam 0aMalayala Nadakangaliloode bUdaya Palakkad aEssay Malayalam